| 000 | 00452nam a22001697a 4500 | ||
|---|---|---|---|
| 003 | NUST - PNEC | ||
| 005 | 20170116181035.0 | ||
| 008 | 150919b xxu||||| |||| 00| 0 eng d | ||
| 020 | _a0078812283 | ||
| 040 | _cLIBRARY | ||
| 082 | _a004.6 KOP | ||
| 100 |
_911356 _aKopeck, Ronald F. |
||
| 245 |
_aMicro to mainframe links _cRonald F. Kopeck |
||
| 260 | _cc.1986 | ||
| 650 |
_911358 _aLocal area networks (Computer networks) _xMIS |
||
| 942 |
_2ddc _cBK |
||
| 999 |
_c67913 _d67913 |
||